История классической теории химического строения / (Record no. 501916)
[ view plain ]
| 000 -LEADER | |
|---|---|
| fixed length control field | 00852-am-a2200205-a-4500 |
| 001 - CONTROL NUMBER | |
| control field | 000099504 |
| 003 - CONTROL NUMBER IDENTIFIER | |
| control field | AM-YeHGA |
| 005 - DATE AND TIME OF LATEST TRANSACTION | |
| control field | 20250617163149.0 |
| 008 - FIXED-LENGTH DATA ELEMENTS--GENERAL INFORMATION | |
| fixed length control field | 990219s1960 xxu 000 0 rus u |
| 040 ## - CATALOGING SOURCE | |
| Original cataloging agency | AM-YeHGA |
| 090 ## - LOCALLY ASSIGNED LC-TYPE CALL NUMBER (OCLC); LOCAL CALL NUMBER (RLIN) | |
| -- | 505331 |
| 100 1# - MAIN ENTRY--PERSONAL NAME | |
| Personal name | Быкова, Г.В. |
| 245 10 - TITLE STATEMENT | |
| Title | История классической теории химического строения / |
| Statement of responsibility, etc. | Г.В. Быкова ; Отв. ред. Н.А. Фигуровский. |
| 260 ## - PUBLICATION, DISTRIBUTION, ETC. | |
| Place of publication, distribution, etc. | Москва : |
| Name of publisher, distributor, etc. | АН СССР , |
| Date of publication, distribution, etc. | 1960. |
| 300 ## - PHYSICAL DESCRIPTION | |
| Extent | 311 с. |
| 550 ## - ISSUING BODY NOTE | |
| Issuing body note | АН СССР. Ин-т истории естествознания и техники |
| 650 14 - SUBJECT ADDED ENTRY--TOPICAL TERM | |
| Topical term or geographic name entry element | Теоретическая химия |
| 700 1# - ADDED ENTRY--PERSONAL NAME | |
| Personal name | Фигуровский, Н.А. |
| Relator term | ред. |
| Relationship | edt |
| 710 2# - ADDED ENTRY--CORPORATE NAME | |
| Corporate name or jurisdiction name as entry element | Институт истории естествознания и техники АН СССР |
| Withdrawn status | Lost status | Source of classification or shelving scheme | Damaged status | Not for loan | Collection | Home library | Current library | Date acquired | Total checkouts | Full call number | Barcode | Date last seen | Price effective from | Koha item type | Public note |
|---|---|---|---|---|---|---|---|---|---|---|---|---|---|---|---|
| Universal Decimal Classification | General | Fundamental Scientific Library | Fundamental Scientific Library | 19/11/2019 | PII/25314 | FL0610731 | 19/11/2019 | 19/11/2019 | Գրքեր / Books | 30 Days Loan |
ՀՀ Գիտությունների ազգային ակադեմիայի հիմնարար գիտական գրադարան = Fundamental Scientific Library of NAS RA
All site content, except where otherwise noted, is licensed under a